000 00365nam a2200133Ia 4500
008 151001s9999||||xx |||||||||||||| ||und||
100 _aनीलमणी शर्मा
245 _aआर्य भारत का संघर्ष
250 _a1
260 _bसंजीव प्रकाशन
260 _c2010
300 _a302
365 _b21
999 _c1000559
_d1000556